Forbes® greatest technology stories : inspiring tales of the entrepreneurs and inventors who revolutionized modern business. / (Record no. 2013)

MARC details
000 -LEADER
fixed length control field 01871cam a2200337 a 4500
001 - CONTROL NUMBER
control field 4034398
003 - CONTROL NUMBER IDENTIFIER
control field OSt
005 - DATE AND TIME OF LATEST TRANSACTION
control field 20210414114116.0
008 - FIXED-LENGTH DATA ELEMENTS--GENERAL INFORMATION
fixed length control field 980724s1998 nyua b 001 0 eng
010 ## - LIBRARY OF CONGRESS CONTROL NUMBER
LC control number 98030590
020 ## - INTERNATIONAL STANDARD BOOK NUMBER
International Standard Book Number 0471243744 (alk. paper)
040 ## - CATALOGING SOURCE
Original cataloging agency DLC
Transcribing agency DLC
Modifying agency DLC
043 ## - GEOGRAPHIC AREA CODE
Geographic area code n-us---
050 00 - LIBRARY OF CONGRESS CALL NUMBER
Classification number T21.Y68
082 00 - DEWEY DECIMAL CLASSIFICATION NUMBER
Classification number 609.73
Edition number 21
100 1# - MAIN ENTRY--PERSONAL NAME
Personal name Young, Jeffrey S.,
Dates associated with a name 1952-
245 10 - TITLE STATEMENT
Title Forbes® greatest technology stories : inspiring tales of the entrepreneurs and inventors who revolutionized modern business. /
Statement of responsibility, etc. Jeffrey Young.
260 ## - PUBLICATION, DISTRIBUTION, ETC.
Place of publication, distribution, etc. New York :
Name of publisher, distributor, etc. John Wiley & Sons,
Date of publication, distribution, etc. c1998.
300 ## - PHYSICAL DESCRIPTION
Extent xi, 368 p. :
Other physical details ill. ;
Dimensions 24 cm.
504 ## - BIBLIOGRAPHY, ETC. NOTE
Bibliography, etc. note Includes bibliographical references (p. 345-351) and index.
505 ## - FORMATTED CONTENTS NOTE
Formatted contents note Contents: Pioneers and Pirates: Calculators and computers -- Big blue: The Mainframe computer -- Quantum leap: Transistors and semiconductors -- Bits: Memory, minicomputers and the mouse -- Chips: Integrated circuits and microprocessors -- Mechanics: Kits and microcomputers -- Wireheads: The Apple computer -- PCs: The IBM personal computer -- Hard core: Windows -- Airwaves: MCI and cell phones -- Webs: Networks and the Internet.
650 #0 - SUBJECT ADDED ENTRY--TOPICAL TERM
Topical term or geographic name entry element Inventions
Geographic subdivision United States
General subdivision History.
650 #0 - SUBJECT ADDED ENTRY--TOPICAL TERM
Topical term or geographic name entry element Inventors
Geographic subdivision United States
General subdivision History.
650 #0 - SUBJECT ADDED ENTRY--TOPICAL TERM
Topical term or geographic name entry element High technology
Geographic subdivision United States
General subdivision History.
856 42 - ELECTRONIC LOCATION AND ACCESS
Materials specified Contributor biographical information
Uniform Resource Identifier <a href="http://www.loc.gov/catdir/bios/wiley042/98030590.html">http://www.loc.gov/catdir/bios/wiley042/98030590.html</a>
856 42 - ELECTRONIC LOCATION AND ACCESS
Materials specified Publisher description
Uniform Resource Identifier <a href="http://www.loc.gov/catdir/description/wiley033/98030590.html">http://www.loc.gov/catdir/description/wiley033/98030590.html</a>
856 4# - ELECTRONIC LOCATION AND ACCESS
Materials specified Table of Contents
Uniform Resource Identifier <a href="http://www.loc.gov/catdir/toc/onix04/98030590.html">http://www.loc.gov/catdir/toc/onix04/98030590.html</a>
906 ## - LOCAL DATA ELEMENT F, LDF (RLIN)
a 7
b cbc
c orignew
d 1
e ocip
f 19
g y-gencatlg
942 ## - ADDED ENTRY ELEMENTS (KOHA)
Source of classification or shelving scheme Library of Congress Classification
Koha item type Books
Holdings
Withdrawn status Lost status Source of classification or shelving scheme Damaged status Not for loan Home library Current library Shelving location Date acquired Total Checkouts Full call number Barcode Date last seen Copy number Price effective from Koha item type
    Library of Congress Classification     WISCONSIN INTERNATIONAL UNIVERSITY COLLEGE, GHANA - MAIN LIBRARY WISCONSIN INTERNATIONAL UNIVERSITY COLLEGE, GHANA - MAIN LIBRARY General Stacks 14/08/2012   T21.Y68 6076/12 14/08/2012 1 14/08/2012 Books
    Library of Congress Classification     WISCONSIN INTERNATIONAL UNIVERSITY COLLEGE, GHANA - MAIN LIBRARY WISCONSIN INTERNATIONAL UNIVERSITY COLLEGE, GHANA - MAIN LIBRARY   14/08/2012   T21.Y681 6077/12 14/08/2012 2 14/08/2012 Books

If you have any concerns or questions; kindly contact the library


© Powered by WIUC ICT DIRECTORATE